[Event "Championnat de France - Open D"]
[Site "Nimes"]
[Date "2009.08.16"]
[Round "6.3"]
[White "Fahys, Francis"]
[Black "Elzoghlami, Mehdi"]
[Result "1/2-1/2"]
[WhiteElo "1440"]
[BlackElo "1493"]
[PlyCount "81"]
[EventDate "2009.??.??"]

1. d4 c5 2. e4 cxd4 3. c3 dxc3 4. Nxc3 Nc6 5. Bc4 Nf6 6. Nf3 d6 7. O-O Bg4 8.
h3 Bxf3 9. Qxf3 e6 10. Rd1 Be7 11. Bf4 e5 12. Be3 O-O 13. Rac1 Rc8 14. Qe2 a6
15. f4 exf4 16. Bxf4 b5 17. Bb3 Na5 18. Bd5 Nc4 19. e5 Qb6+ 20. Kh1 dxe5 21.
Bxc4 Rxc4 22. Bxe5 Rfc8 23. Bxf6 Bxf6 24. Nd5 Qd8 25. Rxc4 bxc4 26. Re1 Kf8 27.
Nxf6 Qxf6 28. Rf1 Qe7 29. Qc2 g6 30. Qc3 Kg8 31. b3 Qe6 32. bxc4 Qxc4 33. Qa1
Rc5 34. Qf6 Rc8 35. a3 Re8 36. Rd1 Qe6 37. Qg5 Qe3 38. Qa5 Qe2 39. Qd5 Qb5 40.
Qf3 Qe2 41. Qd5 1/2-1/2

[Event "Championnat de France - Open D"]
[Site "Nimes"]
[Date "2009.08.16"]
[Round "6.4"]
[White "Saucey, Milena"]
[Black "Faure, Baptiste"]
[Result "1/2-1/2"]
[WhiteElo "1440"]
[BlackElo "1490"]
[PlyCount "84"]
[EventDate "2009.??.??"]

1. e4 c5 2. Nf3 d6 3. d4 cxd4 4. Nxd4 Nf6 5. Nc3 g6 6. Be3 Bg7 7. Bd3 Nc6 8.
Nb3 O-O 9. f3 Bd7 10. Qd2 Re8 11. O-O-O Ne5 12. Rdf1 a6 13. a3 b5 14. g4 Be6
15. Be2 Nc4 16. Bxc4 Bxc4 17. Rf2 a5 18. Nd4 b4 19. Nb1 Qb8 20. b3 bxa3 21.
Nxa3 Be6 22. h4 Rc8 23. h5 Qb4 24. Qxb4 axb4 25. Nb1 Nd7 26. Kd2 Ra2 27. Rc1
Bxd4 28. Bxd4 Bxb3 29. hxg6 fxg6 30. Kd3 Ne5+ 31. Bxe5 Bc4+ 32. Kd4 dxe5+ 33.
Kxe5 g5 34. Kd4 Bf7 35. Ke3 e5 36. Rd2 Kg7 37. Rf2 Raa8 38. Nd2 Rab8 39. Rff1
Rc3+ 40. Ke2 Be8 41. Kd1 Ba4 42. Nb3 Rd8+ 1/2-1/2

[Event "Championnat de France - Open D"]
[Site "Nimes"]
[Date "2009.08.16"]
[Round "6.5"]
[White "Rouffignac, Marie"]
[Black "Sanchez, Frederic"]
[Result "0-1"]
[WhiteElo "1410"]
[BlackElo "1480"]
[PlyCount "60"]
[EventDate "2009.??.??"]

1. e4 d5 2. exd5 Qxd5 3. Nc3 Qa5 4. d4 c6 5. Bd2 Qc7 6. Nf3 Nf6 7. Bc4 Bf5 8.
Qe2 e6 9. Nh4 Bg6 10. Nxg6 hxg6 11. h3 Nbd7 12. O-O-O O-O-O 13. Rhe1 Bd6 14.
Qf3 Rde8 15. Ne2 Ref8 16. Qb3 Ne4 17. Be3 Re8 18. Ng1 Qb6 19. Qd3 Nef6 20. d5
Bc5 21. dxc6 Bxe3+ 22. Rxe3 Qxc6 23. Bb5 Qc7 24. Qd4 Kb8 25. Bxd7 Rd8 26. Ra3
a6 27. Qb4 Nxd7 28. Rxa6 Nc5 29. Rxd8+ Rxd8 30. Ra5 Nd3+ 0-1

[Event "Championnat de France - Open D"]
[Site "Nimes"]
[Date "2009.08.16"]
[Round "6.6"]
[White "Giry, Valentin"]
[Black "Luond, Patrice"]
[Result "0-1"]
[WhiteElo "1370"]
[BlackElo "1480"]
[PlyCount "112"]
[EventDate "2009.??.??"]

1. e4 g6 2. d4 d6 3. Nf3 Bg7 4. Nc3 Nf6 5. a3 a6 6. Be3 O-O 7. h3 c6 8. Bd3 b5
9. O-O Qc7 10. b4 Nbd7 11. Bd2 e5 12. dxe5 Nxe5 13. Nxe5 dxe5 14. Na2 Be6 15.
Qe2 Nh5 16. c3 Rad8 17. Bg5 Nf4 18. Bxf4 Bxa2 19. Bg5 f6 20. Bxf6 Rxf6 21. Rxa2
Rd7 22. Rc2 Qd8 23. Rd2 Rfd6 24. Rfd1 Bh6 25. Bc4+ bxc4 26. Qxc4+ Kh8 27. Rxd6
Rxd6 28. Rxd6 Qxd6 29. Qxa6 Qd1+ 30. Qf1 Qd2 31. Qa1 Qd3 32. a4 Bd2 33. a5 Bxc3
34. Qa3 Qb1+ 35. Kh2 Bxb4 36. Qa4 Qxe4 37. a6 Qf4+ 38. Kg1 Qc1+ 39. Kh2 Qf4+
40. Kg1 Bc5 41. Qc2 Qb4 42. Qa2 Ba7 43. Qa1 Qb5 44. Qa3 Qb1+ 45. Kh2 Qb8 46.
Kg1 Qc8 47. Qa1 Qc7 48. Qa3 Kg7 49. Qa1 h6 50. Kf1 Kh7 51. Ke2 c5 52. Kd3 c4+
53. Ke2 c3 54. f3 Qc5 55. Kd3 Qd4+ 56. Kc2 Qd2+ 0-1

[Event "Championnat de France - Open D"]
[Site "Nimes"]
[Date "2009.08.16"]
[Round "6.7"]
[White "Faillat, Cyril"]
[Black "Cossutta, Nello"]
[Result "1/2-1/2"]
[WhiteElo "1499"]
[BlackElo "1431"]
[PlyCount "105"]
[EventDate "2009.??.??"]

1. e4 c5 2. Nf3 d6 3. d4 cxd4 4. Nxd4 Nf6 5. Nc3 g6 6. Be3 Bg7 7. f3 Bd7 8. Qd2
Nc6 9. O-O-O Rc8 10. Nxc6 Rxc6 11. Bxa7 Qa5 12. Bd4 Rxc3 13. Qxc3 Qxa2 14. Qe3
h5 15. f4 Ng4 16. Qa3 Qxa3 17. bxa3 e5 18. fxe5 dxe5 19. Bc5 Bh6+ 20. Kb1 Bf8
21. Bxf8 Rxf8 22. Rd2 Ke7 23. h3 Nf6 24. Bd3 h4 25. Ka1 Nh5 26. Rb1 Bc6 27. c4
Rd8 28. Rbb2 Nf4 29. Rb3 Bxe4 30. Bxe4 Rxd2 31. Rxb7+ Rd7 32. a4 Ne6 33. Bc6
Rxb7 34. Bxb7 Nc5 35. Bc6 e4 36. Kb1 Kd6 37. Bb5 Nb3 38. Kc2 Nd4+ 39. Kd2 Kc5
40. Ke3 f5 41. Kf4 Ne6+ 42. Ke3 g5 43. Bd7 Nd4 44. Bb5 Nxb5 45. cxb5 Kb6 46.
Kf2 f4 47. Ke2 Kc5 48. Kf2 e3+ 49. Kf3 Kb6 50. Ke2 Ka5 51. Kd3 g4 52. Ke2 g3
53. Kf1 1/2-1/2

[Event "Championnat de France - Open D"]
[Site "Nimes"]
[Date "2009.08.16"]
[Round "6.8"]
[White "Gobbe, David"]
[Black "Trey, Baptiste"]
[Result "0-1"]
[WhiteElo "1499"]
[BlackElo "1390"]
[PlyCount "52"]
[EventDate "2009.??.??"]

1. e4 e6 2. d4 d5 3. exd5 exd5 4. Nf3 Nf6 5. Bg5 Bd6 6. Be2 O-O 7. O-O Bg4 8.
Nc3 c6 9. Re1 Nbd7 10. Nh4 Bxe2 11. Nxe2 Bxh2+ 12. Kf1 Bd6 13. Nf5 Qc7 14. Nxd6
Qxd6 15. Nf4 Ne4 16. Nh3 Qh2 17. Qf3 Nxg5 18. Nxg5 Nf6 19. Nh3 Ne4 20. Re2 Rae8
21. Rae1 Nd2+ 22. Rxd2 Qh1+ 23. Ng1 Rxe1+ 24. Kxe1 Qxg1+ 25. Ke2 Re8+ 26. Kd3
Qf1+ 0-1

[Event "Championnat de France - Open D"]
[Site "Nimes"]
[Date "2009.08.16"]
[Round "6.9"]
[White "Doucet, Claude"]
[Black "Ferrand, Christine"]
[Result "1-0"]
[WhiteElo "1490"]
[BlackElo "1370"]
[PlyCount "85"]
[EventDate "2009.??.??"]

1. d4 d5 2. Nf3 Nf6 3. Bf4 e6 4. e3 c5 5. c3 Nc6 6. Nbd2 c4 7. Be2 g6 8. O-O
Bg7 9. Qc2 O-O 10. Rfe1 Re8 11. Rad1 Nh5 12. Bg5 Qc7 13. e4 f6 14. Bh4 Nf4 15.
Bf1 Bd7 16. Bg3 g5 17. Kh1 Re7 18. exd5 exd5 19. h3 Rae8 20. b3 b5 21. Bh2 Be6
22. g3 g4 23. gxf4 gxf3 24. f5 Bxf5 25. Rxe7 Bxc2 26. Rxe8+ Kf7 27. Bxc7 Bxd1
28. Re1 Ne7 29. Rxd1 Nf5 30. Nxf3 Bh6 31. Bg2 Ke6 32. Re1+ Kd7 33. Bb8 a6 34.
Bg3 a5 35. Nh4 Ne7 36. Bf3 Bd2 37. Rd1 Bxc3 38. bxc4 bxc4 39. a4 Bb2 40. Bf4
Kc6 41. Bc1 Bc3 42. Ba3 Kb6 43. Bxe7 1-0

[Event "Championnat de France - Open D"]
[Site "Nimes"]
[Date "2009.08.16"]
[Round "6.10"]
[White "Barberis, Matthieu"]
[Black "Camuzeaux, Jules"]
[Result "1-0"]
[WhiteElo "1480"]
[BlackElo "1370"]
[PlyCount "87"]
[EventDate "2009.??.??"]

1. e4 c6 2. Nc3 d5 3. Nf3 dxe4 4. Nxe4 Bf5 5. Ng3 Bg6 6. h4 h6 7. Ne5 Bh7 8.
Qh5 g6 9. Bc4 e6 10. Qe2 Bd6 11. Nxf7 Qe7 12. Nxh8 Kd7 13. h5 Qe8 14. hxg6 Bxg6
15. Nxg6 Qxg6 16. Qh5 Qg7 17. d3 Bf8 18. Qe2 Qf6 19. Ne4 Qf7 20. Qh5 Qg7 21.
Bf4 Na6 22. O-O-O Nc7 23. Rh3 Rd8 24. Rg3 Qh7 25. Qg6 Qxg6 26. Rxg6 Ne7 27.
Nc5+ Kc8 28. Bxe6+ Kb8 29. Rf6 Ned5 30. Bxd5 Bxc5 31. Bxc7+ Kxc7 32. Be4 h5 33.
Rh1 Rh8 34. Rf5 h4 35. Rxc5 Kd6 36. Rg5 Kc7 37. Rg4 Rf8 38. f4 Kb8 39. Rgxh4
Kc7 40. f5 Kd7 41. Rh7+ Kc8 42. Rh8 Rxh8 43. Rxh8+ Kd7 44. f6 1-0

[Event "Championnat de France - Open D"]
[Site "Nimes"]
[Date "2009.08.18"]
[Round "7.1"]
[White "Sanchez, Frederic"]
[Black "Bastide, Jean Luc"]
[Result "0-1"]
[WhiteElo "1480"]
[BlackElo "1499"]
[PlyCount "98"]
[EventDate "2009.??.??"]

1. d4 d5 2. Bf4 c5 3. e3 Qb6 4. b3 e6 5. Nf3 Nf6 6. h3 Nc6 7. c3 Bd7 8. Bd3 Rc8
9. Nbd2 Be7 10. O-O O-O 11. Nh2 cxd4 12. exd4 Nxd4 13. cxd4 Qxd4 14. Qf3 e5 15.
Bxe5 Qxe5 16. Rfe1 Qb2 17. Qd1 Bb4 18. Re2 Qd4 19. Ndf3 Qb6 20. Ne5 Rce8 21.
Nxd7 Nxd7 22. Rxe8 Rxe8 23. Bf5 Nf6 24. Ng4 Re1+ 25. Qxe1 Bxe1 26. Rxe1 g6 27.
Nxf6+ Qxf6 28. Bc8 Qc3 29. Re8+ Kg7 30. Bxb7 Qa1+ 31. Kh2 d4 32. Bf3 Qxa2 33.
Ra8 Qxb3 34. Rxa7 Qb8+ 35. g3 Qxa7 36. Kg2 d3 37. g4 Qa1 38. Kg3 d2 39. Kh4
d1=Q 40. Bxd1 Qxd1 41. Kg3 g5 42. Kg2 Kf6 43. Kg3 Qd3+ 44. Kg2 Ke5 45. Kh2 Kf4
46. Kg2 Qf3+ 47. Kg1 Qxh3 48. f3 Qxf3 49. Kh2 Qxg4 0-1

[Event "Championnat de France - Open D"]
[Site "Nimes"]
[Date "2009.08.18"]
[Round "7.2"]
[White "De La Vieuville, Remi"]
[Black "Doucet, Claude"]
[Result "1-0"]
[WhiteElo "1470"]
[BlackElo "1490"]
[PlyCount "81"]
[EventDate "2009.??.??"]

1. Nc3 Nf6 2. e4 d6 3. d4 g6 4. Be3 Bg7 5. Nf3 O-O 6. Qd2 Re8 7. Bh6 e5 8. Bxg7
Kxg7 9. dxe5 dxe5 10. Qxd8 Rxd8 11. Nxe5 Ng4 12. Nxg4 Bxg4 13. Be2 Be6 14. O-O
Nc6 15. Rfd1 a6 16. a3 Nd4 17. Bd3 Rd7 18. Ne2 Rad8 19. Nxd4 Rxd4 20. Kf1 c5
21. Be2 Bc4 22. Rxd4 Bxe2+ 23. Kxe2 Rxd4 24. f3 Kf6 25. Rd1 Rxd1 26. Kxd1 Ke5
27. c3 g5 28. Ke2 c4 29. Ke3 a5 30. g3 f6 31. f4+ gxf4+ 32. gxf4+ Ke6 33. Kd4
f5 34. e5 b5 35. Kc5 b4 36. axb4 a4 37. Kxc4 Kd7 38. Kb5 Ke6 39. c4 Kd7 40. c5
h6 41. c6+ 1-0

[Event "Championnat de France - Open D"]
[Site "Nimes"]
[Date "2009.08.18"]
[Round "7.3"]
[White "Elzoghlami, Mehdi"]
[Black "Saucey, Milena"]
[Result "1-0"]
[WhiteElo "1493"]
[BlackElo "1440"]
[PlyCount "68"]
[EventDate "2009.??.??"]

1. d4 Nf6 2. Bg5 e6 3. e4 h6 4. Bxf6 Qxf6 5. Nc3 Bb4 6. Qd2 Nc6 7. e5 Qd8 8.
O-O-O a6 9. f4 d5 10. g4 Bd7 11. Nge2 Qh4 12. h3 Na5 13. a3 Nc4 14. Qd3 Ba5 15.
Ng3 g6 16. Qf3 Bxc3 17. Bxc4 Bxb2+ 18. Kxb2 dxc4 19. Qxb7 O-O 20. Qf3 Qd8 21.
Ne4 Kg7 22. Rb1 Bc6 23. Qe3 Bxe4 24. Qxe4 Qd5 25. Qxd5 exd5 26. Kc3 Rab8 27. f5
Rfe8 28. h4 Rb6 29. Rhe1 Reb8 30. Rxb6 Rxb6 31. e6 fxe6 32. fxe6 Kf8 33. e7+
Ke8 34. g5 hxg5 1-0

[Event "Championnat de France - Open D"]
[Site "Nimes"]
[Date "2009.08.18"]
[Round "7.4"]
[White "Faure, Baptiste"]
[Black "Laudat, Philippe"]
[Result "0-1"]
[WhiteElo "1490"]
[BlackElo "1405"]
[PlyCount "60"]
[EventDate "2009.??.??"]

1. e4 e5 2. Nf3 d6 3. Bc4 Bg4 4. Nc3 Nf6 5. d3 Be7 6. h3 Bxf3 7. Qxf3 O-O 8.
Be3 a6 9. O-O-O b5 10. Bb3 c5 11. a3 Nc6 12. g4 Nd4 13. Bxd4 cxd4 14. Nd5 Nxd5
15. Bxd5 Bg5+ 16. Kb1 Rb8 17. Qe2 a5 18. f3 a4 19. Qe1 Rb6 20. h4 Bf4 21. g5
Kh8 22. Qg1 b4 23. axb4 Rxb4 24. Qe1 Qb6 25. Ka1 Rxb2 26. Rb1 a3 27. Ba2 Qc5
28. Qe2 Qc3 29. Bb3 Rxb1+ 30. Kxb1 Qb2# 0-1

[Event "Championnat de France - Open D"]
[Site "Nimes"]
[Date "2009.08.18"]
[Round "7.5"]
[White "Leost, Joel"]
[Black "Barberis, Matthieu"]
[Result "0-1"]
[WhiteElo "1460"]
[BlackElo "1480"]
[PlyCount "86"]
[EventDate "2009.??.??"]

1. e4 Nf6 2. Nc3 e5 3. Bc4 Nxe4 4. Bxf7+ Kxf7 5. Nxe4 d5 6. Qf3+ Kg8 7. Ng3 Be6
8. d3 Bd6 9. Nh3 Qf6 10. Qe2 h6 11. Bd2 c5 12. Rg1 Nc6 13. Nh5 Qh4 14. Ng3 Nd4
15. Qd1 Rf8 16. c3 Bxh3 17. cxd4 Bg4 18. f3 exd4 19. Qe2 Bxg3+ 20. hxg3 Qxg3+
21. Qf2 Re8+ 22. Kf1 Qxf2+ 23. Kxf2 Bf5 24. Rae1 Kf7 25. Rd1 b5 26. g4 Bxd3 27.
Bc1 Re2+ 28. Kg3 Bc2 29. Rdf1 Rhe8 30. g5 hxg5 31. f4 d3 32. fxg5+ Kg6 33. Bf4
d2 34. Bd6 R8e3+ 35. Kg4 Re1 36. Rxe1 Rxe1 37. Rxe1 dxe1=Q 38. Bxc5 Bd1+ 39.
Kf4 Qe4+ 40. Kg3 Qf3+ 41. Kh2 Kxg5 42. b4 Kg4 43. Kg1 Kh3 0-1

[Event "Championnat de France - Open D"]
[Site "Nimes"]
[Date "2009.08.18"]
[Round "7.6"]
[White "Luond, Patrice"]
[Black "Tranchesset, Alexandre"]
[Result "0-1"]
[WhiteElo "1480"]
[BlackElo "1420"]
[PlyCount "69"]
[EventDate "2009.??.??"]

1. e4 e5 2. Nf3 Nc6 3. Bb5 Nd4 4. Nxd4 exd4 5. O-O c6 6. Bc4 b5 7. Bb3 a5 8.
Qh5 Qf6 9. a3 g6 10. Qe2 a4 11. Ba2 Qe5 12. f4 Qc5 13. d3 Be7 14. Kh1 d6 15. c3
Nf6 16. e5 dxe5 17. fxe5 Nd5 18. Bh6 Be6 19. cxd4 Qxd4 20. Nc3 Nxc3 21. bxc3
Qxc3 22. Bxe6 fxe6 23. Rfc1 Qb3 24. Rxc6 Bxa3 25. Qg4 Be7 26. Rxe6 Rd8 27. Bg5
Rd7 28. Rc1 Kf7 29. Qf4+ Kxe6 30. Rc6+ Bd6 31. Qf6+ Kd5 32. Rxd6+ Kc5 33. Rc6+
Kb4 34. Bd2+ Ka3 35. e6 0-1

[Event "Championnat de France - Open D"]
[Site "Nimes"]
[Date "2009.08.18"]
[Round "7.7"]
[White "Trey, Baptiste"]
[Black "Fahys, Francis"]
[Result "1-0"]
[WhiteElo "1390"]
[BlackElo "1440"]
[PlyCount "81"]
[EventDate "2009.??.??"]

1. e4 e5 2. Nf3 Nc6 3. Bb5 Bb4 4. Bxc6 dxc6 5. O-O Qe7 6. c3 Bd6 7. d4 Bg4 8.
Qd3 O-O-O 9. Nbd2 Nf6 10. Re1 Nh5 11. Nc4 exd4 12. cxd4 Bf4 13. Nfe5 Be6 14.
Bxf4 Nxf4 15. Qe3 g5 16. Rad1 f6 17. g3 Nh3+ 18. Kg2 fxe5 19. Nxe5 Qf6 20. d5
Qxe5 21. dxe6 Qxe6 22. f3 Rxd1 23. Rxd1 b6 24. Qa3 Kb7 25. Rd4 b5 26. b3 Rg8
27. Qc5 g4 28. f4 Re8 29. Qh5 Qg8 30. e5 Rd8 31. Rxd8 Qxd8 32. Qxg4 Nxf4+ 33.
Qxf4 Qd5+ 34. Kh3 Qe6+ 35. Kh4 Kb6 36. Qf6 Qd5 37. e6 Qe4+ 38. Kh3 h5 39. e7
Qg4+ 40. Kg2 Qe2+ 41. Qf2+ 1-0

[Event "Championnat de France - Open D"]
[Site "Nimes"]
[Date "2009.08.18"]
[Round "7.8"]
[White "Arnaud-Audiffren, Alexandre"]
[Black "Benezra, Amos"]
[Result "1-0"]
[WhiteElo "1500"]
[BlackElo "1410"]
[PlyCount "97"]
[EventDate "2009.??.??"]

1. d4 Nf6 2. Bf4 g6 3. e3 Bg7 4. c4 d6 5. Nc3 O-O 6. Nf3 Re8 7. h3 Nbd7 8. Be2
e5 9. dxe5 dxe5 10. Bxe5 Nxe5 11. Qxd8 Nxf3+ 12. Bxf3 Rxd8 13. O-O c6 14. Na4
Nd7 15. Rad1 Bf6 16. Rd6 Be7 17. Rd4 Bf6 18. Rd6 Be7 19. Rd4 c5 20. Rd5 b6 21.
Rfd1 Rb8 22. Nc3 Kf8 23. Nb5 Rb7 24. R5d2 Rb8 25. Nxa7 Ne5 26. Rxd8+ Bxd8 27.
Rxd8+ Ke7 28. Rxc8 Nxf3+ 29. gxf3 Rb7 30. Nb5 Rd7 31. Ra8 Rd2 32. Ra7+ Kf6 33.
b3 Kg5 34. Kg2 Kf6 35. Nc3 Rc2 36. Nd5+ Kg7 37. Nxb6 Rb2 38. Na4 Rxa2 39. Rc7
Ra3 40. Nxc5 h5 41. b4 Rc3 42. Ne4 Rd3 43. c5 Rb3 44. Rb7 Kf8 45. b5 Rd3 46. b6
Rd8 47. c6 Ra8 48. c7 Rc8 49. Rb8 1-0

[Event "Championnat de France - Open D"]
[Site "Nimes"]
[Date "2009.08.18"]
[Round "7.9"]
[White "Juffin, Dominique"]
[Black "Legrand, Antoine"]
[Result "1/2-1/2"]
[WhiteElo "1430"]
[BlackElo "1500"]
[Annotator "Rivier,Sylvain"]
[PlyCount "66"]
[EventDate "2009.??.??"]

1. d4 d5 2. Nf3 Nf6 3. c3 e6 4. e3 Nc6 5. Bd3 e5 6. dxe5 Nxe5 7. Nxe5 Bd6 8.
Nf3 Bg4 9. Nbd2 O-O 10. O-O Re8 11. Qc2 Qe7 12. b3 Ne4 13. Nd4 Qe5 14. f4 Qe7
15. Nxe4 dxe4 16. Be2 Bxe2 17. Qxe2 Bc5 18. Bb2 Qf6 19. c4 Qd6 20. f5 Qh6 21.
Rf4 Bd6 22. Raf1 g5 23. Qg4 Bxf4 24. Rxf4 Qg7 25. Rf2 Qh6 26. f6 Qh4 27. Qxh4
gxh4 28. Rf4 Rad8 29. Rg4+ Kh8 30. Rxh4 c5 31. Nf5 Rd1+ 32. Kf2 Rd2+ 33. Kg3
Rxb2 {suite illisible} 1/2-1/2

[Event "Championnat de France - Open D"]
[Site "Nimes"]
[Date "2009.08.18"]
[Round "7.10"]
[White "Priser, Valerie"]
[Black "Faillat, Cyril"]
[Result "1-0"]
[WhiteElo "1410"]
[BlackElo "1499"]
[PlyCount "55"]
[EventDate "2009.??.??"]

1. d4 d5 2. c4 e6 3. Nf3 Nf6 4. Nc3 Nbd7 5. Bg5 Be7 6. e3 c6 7. Bd3 dxc4 8.
Bxc4 b5 9. Bd3 a6 10. O-O O-O 11. e4 h6 12. Bh4 Bb7 13. a3 c5 14. Bg3 b4 15. e5
Nd5 16. Nxd5 exd5 17. Re1 c4 18. Bf5 f6 19. Nh4 fxe5 20. Be6+ Kh7 21. Qh5 Rf6
22. Bf5+ Kg8 23. dxe5 Rf8 24. Qg6 Bxh4 25. Qh7+ Kf7 26. e6+ Ke8 27. Qg6+ Rf7
28. Qxf7# 1-0

[Event "Championnat de France - Open D"]
[Site "Nimes"]
[Date "2009.08.19"]
[Round "8.1"]
[White "Bastide, Jean Luc"]
[Black "Elzoghlami, Mehdi"]
[Result "1-0"]
[WhiteElo "1499"]
[BlackElo "1493"]
[PlyCount "31"]

1. e4 c5 2. f4 d5 3. exd5 Nf6 4. Nf3 Nxd5 5. Bc4 e6 6. d3 Bd6 7. f5 O-O 8. O-O
Kh8 9. Ng5 b5 10. Bxd5 exd5 11. Qh5 h6 12. Nxf7+ Rxf7 13. Qxf7 Be5 14. Nc3 Qh4
15. Qe8+ Kh7 16. Qxe5 1-0

[Event "Championnat de France - Open D"]
[Site "Nimes"]
[Date "2009.08.19"]
[Round "8.2"]
[White "Barberis, Matthieu"]
[Black "De La Vieuville, Remi"]
[Result "0-1"]
[WhiteElo "1480"]
[BlackElo "1470"]
[PlyCount "74"]

1. e4 Nc6 2. Nc3 Nf6 3. Nf3 e5 4. Nxe5 Nxe5 5. d4 Ng6 6. e5 Ng8 7. Bc4 Bb4 8.
Qf3 Qe7 9. O-O Bxc3 10. bxc3 Nh6 11. g4 d5 12. exd6 cxd6 13. Bxh6 gxh6 14. Rae1
Be6 15. Bb5+ Kf8 16. Bc4 Kg7 17. Re3 Qd7 18. Bxe6 fxe6 19. Rfe1 Rhe8 20. Rxe6
Rxe6 21. Rxe6 Qxe6 22. Qxb7+ Kf6 23. Qxa8 Qxg4+ 24. Kh1 Nh4 25. Qf8+ Kg5 26.
Qg8+ Kf4 27. Qxg4+ Kxg4 28. c4 Kf5 29. h3 Nf3 30. c3 Nd2 31. Kg2 Nxc4 32. Kf3
d5 33. Kg3 h5 34. Kh4 Kg6 35. f4 Ne3 36. Kg3 Kf5 37. Kf3 Nd1 0-1

[Event "Championnat de France - Open D"]
[Site "Nimes"]
[Date "2009.08.19"]
[Round "8.3"]
[White "Laudat, Philippe"]
[Black "Tranchesset, Alexandre"]
[Result "0-1"]
[WhiteElo "1405"]
[BlackElo "1420"]
[PlyCount "146"]

1. d4 d5 2. Bf4 Nc6 3. e3 Nf6 4. Nf3 Bg4 5. Be2 e6 6. a3 Be7 7. c4 O-O 8. c5
Ne4 9. b4 Bh4 10. Nxh4 Qxh4 11. Bg3 Bxe2 12. Qxe2 Qf6 13. Bxc7 Rac8 14. Bg3 b6
15. Qc2 Ne7 16. Nd2 Nxg3 17. hxg3 g6 18. Nf3 Rc7 19. O-O Rfc8 20. Rac1 bxc5 21.
bxc5 Qf5 22. Qxf5 Nxf5 23. g4 Nd6 24. Nd2 f6 25. f4 h6 26. a4 f5 27. gxf5 Nxf5
28. Kf2 Rc6 29. Nf3 Ra6 30. Ne5 Rxa4 31. Ra1 Rb4 32. Rfb1 Rcb8 33. Rxb4 Rxb4
34. c6 Rb2+ 35. Ke1 Nxe3 36. c7 Nxg2+ 37. Kd1 Ne3+ 38. Ke1 Rc2 39. Rxa7 Ng2+
40. Kf1 Ne3+ 41. Kg1 Rc1+ 42. Kh2 Rc2+ 43. Kh3 Ng2 44. Ra8+ Kg7 45. c8=Q Nxf4+
46. Kg3 Rxc8 47. Rxc8 Ne2+ 48. Kf2 Nxd4 49. Ng4 g5 50. Rc7+ Kg6 51. Rc8 h5 52.
Ne5+ Kf5 53. Nf7 g4 54. Kg3 Ne2+ 55. Kf2 Nf4 56. Rf8 Ng6 57. Nh6+ Kg5 58. Nf7+
Kf6 59. Ra8 Kxf7 60. Ra3 h4 61. Kg2 Kf6 62. Kf2 d4 63. Ra4 e5 64. Ra6+ Kf5 65.
Ra3 Ke4 66. Ra6 Nf4 67. Ra3 g3+ 68. Kg1 d3 69. Ra4+ Kf3 70. Ra1 h3 71. Rf1+ Kg4
72. Kh1 g2+ 73. Kh2 gxf1=N+ 0-1

[Event "Championnat de France - Open D"]
[Site "Nimes"]
[Date "2009.08.19"]
[Round "8.4"]
[White "Trey, Baptiste"]
[Black "Arnaud-Audiffren, Alexandre"]
[Result "0-1"]
[WhiteElo "1390"]
[BlackElo "1500"]
[PlyCount "80"]

1. e4 c5 2. Nf3 d6 3. b3 Nf6 4. Nc3 g6 5. Bb2 Bg7 6. Bb5+ Bd7 7. Bxd7+ Qxd7 8.
d3 O-O 9. O-O Nc6 10. Ne2 e5 11. Ng5 h6 12. Nh3 Nh5 13. f4 d5 14. fxe5 dxe4 15.
dxe4 Qxd1 16. Raxd1 Nxe5 17. Rd5 Rfe8 18. Rxc5 Nd7 19. Rc7 Bxb2 20. Rxd7 Rxe4
21. Nef4 Bd4+ 22. Kh1 Nxf4 23. Nxf4 Rae8 24. Nd3 R8e7 25. Rxe7 Rxe7 26. Rf4 Bb6
27. h3 Re2 28. Rc4 f5 29. Nf4 Re1+ 30. Kh2 g5 31. Nd5 Bg1+ 32. Kg3 Re6 33. Rc8+
Kg7 34. Rc7+ Kg6 35. Rxb7 Re5 36. c4 Re2 37. a4 Rd2 38. Kf3 Rf2+ 39. Kg3 f4+
40. Kg4 h5# 0-1

[Event "Championnat de France - Open D"]
[Site "Nimes"]
[Date "2009.08.19"]
[Round "8.5"]
[White "Mouzayek, Sarah"]
[Black "Sanchez, Frederic"]
[Result "1/2-1/2"]
[WhiteElo "1320"]
[BlackElo "1480"]
[PlyCount "74"]

1. e4 d5 2. exd5 Qxd5 3. Nc3 Qa5 4. d4 c6 5. Nf3 Nf6 6. Bd3 Bg4 7. h3 Bh5 8.
O-O Nbd7 9. Bf4 e6 10. a3 Qd8 11. Ne4 Nxe4 12. Bxe4 Nf6 13. Bg5 Be7 14. Bxf6
Bxf6 15. Qd3 Bg6 16. c3 Bxe4 17. Qxe4 Qc7 18. Rfd1 O-O-O 19. Ne5 h5 20. f4 g6
21. Rac1 Bxe5 22. Qxe5 Qxe5 23. fxe5 Rd7 24. Rf1 Kc7 25. Rf3 Kb6 26. Kf2 Kb5
27. b3 c5 28. a4+ Kc6 29. Ke3 Rhd8 30. h4 cxd4+ 31. cxd4+ Kb6 32. Rc4 Re8 33.
Ke4 Rg8 34. Rg3 Rf8 35. Rf3 Rg8 36. Rg3 Rf8 37. Rf3 Rg8 1/2-1/2

[Event "Championnat de France - Open D"]
[Site "Nimes"]
[Date "2009.08.19"]
[Round "8.6"]
[White "Rouffignac, Marie"]
[Black "Cossutta, Nello"]
[Result "0-1"]
[WhiteElo "1410"]
[BlackElo "1431"]
[PlyCount "48"]

1. e4 c5 2. Nf3 d6 3. d4 cxd4 4. Nxd4 Nf6 5. Nc3 g6 6. Be3 Bg7 7. f3 O-O 8. Qd2
Nc6 9. O-O-O Bd7 10. Bc4 Ne5 11. Bb3 Qa5 12. Bh6 Rfc8 13. Bxg7 Kxg7 14. g4 Rxc3
15. bxc3 Rc8 16. g5 Nh5 17. Kb2 Ba4 18. f4 Nxf4 19. Rhf1 Bxb3 20. axb3 Nh5 21.
c4 Qb6 22. Qc3 Rxc4 23. Qe3 Rc5 24. Nf3 Nc4+ 0-1

[Event "Championnat de France - Open D"]
[Site "Nimes"]
[Date "2009.08.19"]
[Round "8.7"]
[White "Giry, Valentin"]
[Black "Priser, Valerie"]
[Result "1-0"]
[WhiteElo "1370"]
[BlackElo "1410"]
[PlyCount "139"]

1. e4 c6 2. d4 d5 3. exd5 cxd5 4. Nc3 Nf6 5. Nf3 Nc6 6. Bd3 Bg4 7. Be3 e6 8. h3
Bxf3 9. Qxf3 Bb4 10. O-O O-O 11. Ne2 Re8 12. c3 Ba5 13. Ng3 Bc7 14. Rfe1 Qd7
15. Nh5 Qe7 16. Bg5 Qd6 17. Nxf6+ gxf6 18. Bxf6 Ne7 19. Bxh7+ Kf8 20. Qg4 Ng6
21. Qg5 Qf4 22. Qxf4 Nxf4 23. Re3 Nh5 24. Be5 Bxe5 25. Rxe5 Nf4 26. Rae1 f5 27.
Bxf5 exf5 28. Rxf5+ Kg7 29. Rxe8 Nxh3+ 30. gxh3 Rxe8 31. Rxd5 Re7 32. Kg2 Kf6
33. Kg3 b6 34. Kg4 Re2 35. Rd6+ Ke7 36. Rh6 Kf8 37. Rh7 a5 38. b4 axb4 39. cxb4
Rxa2 40. Rb7 Rxf2 41. Rxb6 Rd2 42. Rd6 Ke7 43. Rd5 Ke6 44. Re5+ Kd6 45. Kf5
Rxd4 46. b5 Rb4 47. Re6+ Kc7 48. b6+ Kb7 49. Rh6 Rb5+ 50. Kf6 Rxb6+ 51. Kg7 Rb1
52. h4 Rg1+ 53. Kh7 Rh1 54. h5 Kc7 55. Kg7 Rg1+ 56. Rg6 Rh1 57. h6 Rd1 58. h7
Rd7+ 59. Kh6 Rd8 60. Rg8 Rd6+ 61. Kg7 Rd7+ 62. Kh6 Rd6+ 63. Kg5 Rd5+ 64. Kf6
Rd6+ 65. Ke5 Kc6 66. h8=Q Rd5+ 67. Ke4 Rd7 68. Qf6+ Kb5 69. Qf5+ Kc6 70. Qxd7+
1-0

[Event "Championnat de France - Open D"]
[Site "Nimes"]
[Date "2009.08.19"]
[Round "8.8"]
[White "Legrand, Antoine"]
[Black "Joly, Yves"]
[Result "1-0"]
[WhiteElo "1500"]
[BlackElo "1420"]
[PlyCount "75"]

1. e4 Nf6 2. Nc3 d5 3. e5 Nfd7 4. d4 Nb6 5. Nf3 Bg4 6. Be2 e6 7. O-O Be7 8. h3
Bh5 9. Nd2 Bxe2 10. Nxe2 c5 11. Nf3 h6 12. Ng3 Nc6 13. Be3 c4 14. Qc1 Qd7 15.
Nh5 O-O-O 16. Kh1 f5 17. Rg1 g5 18. g3 Rdg8 19. h4 Qe8 20. Nf6 Bxf6 21. exf6
Nd7 22. hxg5 hxg5+ 23. Kg2 f4 24. Nxg5 Rxg5 25. Bxf4 Rgh5 26. g4 Rh3 27. g5
Nxd4 28. Bg3 Qg6 29. Qf4 Qe4+ 30. Qxe4 dxe4 31. f7 Ne2 32. g6 R3h5 33. g7 Nxg3
34. g8=Q+ Kc7 35. Qxg3+ e5 36. Rh1 Nf6 37. Rxh5 Rxh5 38. f8=Q 1-0

[Event "Championnat de France - Open D"]
[Site "Nimes"]
[Date "2009.08.19"]
[Round "8.9"]
[White "Doucet, Claude"]
[Black "Perche, Louis"]
[Result "1-0"]
[WhiteElo "1490"]
[BlackElo "1390"]
[PlyCount "83"]

1. d4 d5 2. Nf3 Nf6 3. Bf4 e6 4. e3 c5 5. c3 Nc6 6. Bd3 Bd6 7. Bxd6 Qxd6 8.
Nbd2 O-O 9. O-O b6 10. Re1 e5 11. dxe5 Nxe5 12. Nxe5 Qxe5 13. Nf3 Qe7 14. Qc2
Bb7 15. Nd2 c4 16. Bf1 b5 17. a3 Rfe8 18. Qd1 Rad8 19. Nf3 Ne4 20. Nd4 a6 21.
f3 Nd6 22. Qd2 Qg5 23. Rad1 Qg6 24. g3 f5 25. Qc2 Re7 26. Bh3 Bc8 27. Nc6 Rde8
28. Nxe7+ Rxe7 29. Bg2 Bb7 30. f4 Ne4 31. Bxe4 fxe4 32. a4 Bc6 33. axb5 Bxb5
34. Rxd5 Rd7 35. Rxd7 Bxd7 36. Rd1 Qe6 37. Qd2 Ba4 38. Qd5 Qxd5 39. Rxd5 Bc2
40. Ra5 Bd3 41. Rxa6 Kf7 42. g4 1-0